Lectures allemandes (Record no. 161163)

MARC details
000 -LEADER
campo de control de longitud fija 00633nam a22001815i 4500
001 - NÚMERO DE CONTROL
campo de control 161163
003 - IDENTIFICADOR DE NÚMERO DE CONTROL
campo de control ES-MaACL
005 - FECHA Y HORA DE LA ÚLTIMA TRANSACCIÓN
campo de control 20230906212215.0
008 - DATOS DE LONGITUD FIJA--INFORMACIÓN GENERAL
campo de control de longitud fija 990127s1881 gw |||| | fre d
040 ## - FUENTE DE CATALOGACIÓN
Centro catalogador/agencia de origen AN
Lengua de catalogación spa
Centro/agencia transcriptor AN
100 1# - ENTRADA PRINCIPAL--NOMBRE DE PERSONA
Nombre de persona Otto, Emil.
9 (RLIN) 87950
245 10 - MENCIÓN DEL TÍTULO
Título Lectures allemandes
Resto del título : second recueil de versions allemandes accompagnées de notes explicatives et d'un vocabulaire /
Mención de responsabilidad, etc. par Émile Otto...
250 ## - MENCION DE EDICION
Mención de edición Deuxiéme édition.
260 ## - PUBLICACIÓN, DISTRIBUCIÓN, ETC.
Lugar de publicación, distribución, etc. Heidelberg :
Nombre del editor, distribuidor, etc. Jules Groos,
Fecha de publicación, distribución, etc. 1881.
300 ## - DESCRIPCIÓN FÍSICA
Extensión [14], IX, 197, 43, [5] p. ;
Dimensiones 19 cm.
752 ## - ENTRADA AGREGADA--NOMBRE JERÁRQUICO DEL LUGAR
País o entidad superior Alemania -
Ciudad Heidelberg
852 ## - LOCALIZACIÓN
Ubicación ES-MaACL
Número de control de estantería B-3043
Nota libre -- Enc. cartón
Holdings
Estatus retirado Estado de pérdida Estado de daño No para préstamo Colección Biblioteca de origen Biblioteca actual Ubicación en estantería Fecha de adquisición Fuente de adquisición Total de préstamos Signatura topográfica completa Código de barras Visto por última vez Precio de reemplazo Tipo de ítem Koha
        Libros del s. XIX Biblioteca del Ateneo de Madrid Biblioteca del Ateneo de Madrid Sala Pardo Bazán 17/01/2008     B-3043 1168802 23/02/2023 23/02/2023 Libro impreso antiguo